| 000 | 00504nab a2200145Ia 4500 | ||
|---|---|---|---|
| 003 | ES-SlBCS | ||
| 005 | 20210601141250.0 | ||
| 008 | 140529s2000 xxu||||| |||| 00| 0 spa d | ||
| 041 | _aspa | ||
| 100 | 1 |
_aCarino, Jonaedson _9253849 |
|
| 245 | 0 | 2 |
_aA biografia como fonte para a história da educaçao: subsídios para um debate necessário _c Jonaedson Carino |
| 650 | 0 | 4 |
_aBiografía-Educación _9253850 |
| 773 | 0 |
_tEducaçao e Filosofia _gvol. 14, nº. 27-28, 2000, págs. 159-173 _wRev1534 |
|
| 942 | _cAR | ||
| 999 |
_c657933 _d657933 |
||